Técnica de los costos / (Registro nro. 10433)

Detalles MARC
000 -LIDER
fixed length control field 01025cam a2200349 4500
001 - NÚMERO DE CONTROL
Identificador de número de control 199812
003 - IDENTIFICACDOR DE NÚMERO DE CONTROL
control field BPMSU
005 - DATE AND TIME OF LATEST TRANSACTION
control field 20180206115652.0
007 - CAMPOS FIJOS DE DESCRIPCIÓN FÍSICA
fixed length control field 199812
008 - ELEMENTOS DE LONGITUD FIJA
fixed length control field 880810s1985 sp d 001 0 spa
016 7# - NO. DE CONTROL DE LA AGENCIA BIB. NACIONAL
Record control number
Canceled/invalid record control number
Source BPMSU
017 ## - NÚMERO DE REGISTRO DE DERECHOS DE AUTOR
Copyright or legal deposit number
Assigning agency
020 ## - ISBN
International Standard Book Number
035 ## - NÚMERO LOCAL
System control number
040 ## - FUENTE DE CATALOGACIÓN
Agencia que crea de manera original el registro BPMSU
Idioma de catalogación spa
Agencia que realiza la transcripción BPMSU
Convenciones de la despripción
080 ## - NÚMERO DE CLASIFICACIÓN DECIMAL UNIVERSAL
Universal Decimal Classification number
082 ## - NÚMERO DE CLASIFICACIÓN DECIMAL DE DEWEY
Edition number 658.154
Classification number A323t
100 1# - ASIENTO PRINCIPAL -- NOMBRE PERSONAL
Nombre personal Alatriste, Sealtiel,
Fechas asociadas con el nombre 1949-.
245 10 - MENCIÓN DE TITULO
Título Técnica de los costos /
Número de la parte o sección de una obra
Mención de responsabilidad Sealtiel Alatriste
260 ## - PUBLICACIÓN, DISTRIBUCIÓN, ETC. (PIE DE IMPRENTA)
Lugar de publicación, distribución, etc México :
Nombre del editor, distribuidor, etc. Ed. Porrua,
Fecha de publicación, distribución, etc 1979.
300 ## - DESCRIPCIÓN FÍSICA
Extensión xxii, 442 p :
Otros detalles físicos gráf.
Dimensiones 24 cm
336 ## - CONTENT TYPE
Content type term
Source
337 ## - MEDIA TYPE
Media type term
Source
504 ## - NOTA DE BIBLIOGRAFÍA, ETC.
Bibliography, etc Incluye bibliografías.
650 ## - ENCABEZAMIENTO DE MATERIA--TEMÁTICO
Término temático o nombre geográfico como elemento de entrada Contabilidad administrativa
Subdivisión de forma Publicaciones seriadas.
650 ## - ENCABEZAMIENTO DE MATERIA--TEMÁTICO
Término temático o nombre geográfico como elemento de entrada Contabilidad de costos
Subdivisión de forma Publicaciones seriadas.
651 ## - ENCABEZAMIENTO DE MATERIA--NOMBRE GEOGRÁFICO
Nombre geográfico Bucaramanga (Colombia)
Subdivisión de forma Publicaciones seriadas.
651 ## - ENCABEZAMIENTO DE MATERIA--NOMBRE GEOGRÁFICO
Nombre geográfico Colombia
Subdivisión de forma Publicaciones seriadas.
942 ## - ADDED ENTRY ELEMENTS (KOHA)
Source of classification or shelving scheme Dewey Decimal Classification
Koha item type Libros
945 ## - INFORMACIÓN DE PROCESAMIENTO LOCAL
Información de procesamiento local inventariado, 2018 / dg
956 ## - LOCAL ELECTRONIC LOCATION AND ACCESS (OCLC)
Nombre de host VMATEO
Número de acceso 10
Información de compresión 20160620
Trayectoria BPMSU
Nombre Electrónico 0069
Existencias
Withdrawn status Lost status Source of classification or shelving scheme Damaged status Not for loan Home library Current library Date acquired Source of acquisition Total Checkouts Full call number Barcode Date last seen Price effective from Koha item type
    Dewey Decimal Classification     Biblioteca Pública Metropolitana Salomé Ureña Biblioteca Pública Metropolitana Salomé Ureña 06/20/2016 FUNDI   A323t BPMSU16060240 06/20/2016 06/20/2016 Libros